| 000 | 01025cab a22002055a 4500 | ||
|---|---|---|---|
| 001 | E154028 | ||
| 008 | 111004e20111004xxk 000 0 eng u | ||
| 035 | _a(Sirsi) u154028 | ||
| 041 | 0 | _aeng | |
| 110 | 2 |
_aBank of Scotland _95792 |
|
| 245 | 0 | 0 |
_aProperty prices in rural Scotland double in past decade _baverage house prices rise by £665 per month _h[electronic resource] |
| 260 | _c2011 | ||
| 490 |
_aBank of Scotland Press Release _v4 October 2011 |
||
| 520 | _aSuggests that the average house price in rural areas of Scotland has doubled in the last 10 years, increasing from £79 104 in 2001, to £158 923 in 2011. The figures are taken from the latest Bank of Scotland Rural Housing Review. | ||
| 590 | _aKA | ||
| 651 | 4 |
_aScotland _y1999- |
|
| 690 | _aPROPERTY-RESIDENTIAL PROPERTY-DOMESTIC RESIDENTIAL PROPERTY-HOUSING | ||
| 856 | 4 | 0 |
_uhttps://www.lloydsbankinggroup.com/media/pdfs/bos/2011/RuralHousingMonitorScotland041011.pdf _zView the news release free of charge at www.lloydsbankinggroup.com... |
| 942 | _n0 | ||
| 999 |
_c83461 _d83461 |
||